000 00321 a2200157 4500
001 59141
020 _a8526224824
040 _cAnchieta - Pituba
100 _aAmaldi, Ugo
240 1 0 _aImagens da física
_lpor
245 1 0 _aImagens da física
300 _a537
362 0 _a1995
650 4 _aFísica
942 _cBK
999 _c59141
_d59141